Razas de perro más comunes. - Estadísticas

Estadísticas generales
  • Esta prueba ha sido intentada 110 veces
  • La puntuación promedio es 6 de 17
Estadísticas de respuestas
Raza % Correcto
Pastor Alemán
81%
Golden Retriever
64%
Chihuahua
58%
Caniche
49%
Border Collie
41%
Doberman
41%
Galgo
40%
Bulldog francés
39%
Rottweiler
29%
Beagle
26%
Mastín
26%
Bichón maltés
25%
Labrador Retriever
19%
Husky Siberiano
14%
Schnauzer
6%
Setter inglés
1%
Pitbull terrier americano
0%
No se encontraron pruebas coincidentes
Distribución de puntuación
Porcentaje de gente con cada puntuación
Porcentaje por número respondido
Historial de tus puntuaciones
No has intentado esta prueba.